00000000nam##2200000za#4500
0019.699244
003CaOODSP
00520210625000307
007cr |||||||||||
008150407|1993||||xxc|||||o    f|0| 0 eng|d
040 |aCaOODSP|beng
043 |an-cn---
0861 |aEn40-445/1993E-PDF
1101 |aCanada. |bEnvironment Canada. |bConservation and Protection.
24510|aManual for conducting water audits and developing water efficiency programs at federal facilities |h[electronic resource]
260 |aHull - Quebec : |bEnvironment Canada. |c[1993].
300 |a47p.|btables
590 |a14-21-Supp|b2014-12-11
69007|aFederal departments|2gcpds
69007|aWater conservation|2gcpds
69007|aPublic buildings|2gcpds
77508|tGuide pour la conduite d'une vérification de l'utilisation de l'eau et pour l'élaboration d'un programme de gestion efficace de l'eau dans les établissements fédéraux |w(CaOODSP)9.643220
85640|ahttp://publications.gc.ca|qPDF|s285 KB|uhttps://publications.gc.ca/collections/collection_2014/ec/En40-445-1993-eng.pdf